000 00824cam a22002771 4500
001 30626
003 BD-RjUL
005 20211209051607.0
008 140410s1921 enk 001 0 eng
035 _a(BD-RjUL)30712
040 _aDLC
_cWa
_dDLC
_dBD-RjUL
_beng
041 _aeng
082 _a170
_bREE 1921
100 1 _aReyburn, Hugh Adam.
_993049
245 1 4 _aThe ethical theory of Hegel :
_ba study of the Philosophy of right /
_cby Hugh A. Reyburn ...
260 _aOxford :
_bClarendon press,
_c1921.
300 _axx, 271, [1] p. ;
_c20 cm.
504 _aIncludes index.
600 1 0 _aHegel, Georg Wilhelm Friedrich,
_d1770-1831.
_951347
650 0 _aEthics.
_993050
650 0 _aSocial ethics.
_95055
650 0 _aState, The.
_993051
942 _2ddc
_cBK
999 _c30626
_d30626